Angular: Up and Running- Learning Angular, Step by Step (Record no. 8426)

MARC details
000 -LEADER
fixed length control field 00366nam a22001337a 4500
003 - CONTROL NUMBER IDENTIFIER
control field OSt
008 - FIXED-LENGTH DATA ELEMENTS--GENERAL INFORMATION
fixed length control field 200125b ||||| |||| 00| 0 eng d
020 ## - INTERNATIONAL STANDARD BOOK NUMBER
International Standard Book Number 9789352137428
100 ## - MAIN ENTRY--PERSONAL NAME
Personal name SESHADRI, SHYAM
245 ## - TITLE STATEMENT
Title Angular: Up and Running- Learning Angular, Step by Step
250 ## - EDITION STATEMENT
Edition statement First edition
Remainder of edition statement 20 July 2018
260 ## - PUBLICATION, DISTRIBUTION, ETC. (IMPRINT)
Place of publication, distribution, etc Mumbai
Name of publisher, distributor, etc Shroff/O'Reilly;
942 00 - ADDED ENTRY ELEMENTS (KOHA)
Source of classification or shelving scheme Dewey Decimal Classification
Koha item type Text Books
Holdings
Withdrawn status Lost status Source of classification or shelving scheme Damaged status Not for loan Collection code Home library Current library Date acquired Source of acquisition Currency Cost, normal purchase price Bill Number Total Checkouts Full call number Acc. no. / Barcode Date last seen Copy number Actual Cost, discounted price Bill Date Koha item type Date last borrowed
    Dewey Decimal Classification     MCA PIET C-LIBRARY PIET C-LIBRARY 25/01/2020 KIRTI PRAKASHAN NEW DELHI IN Rupees 775.00 IN5959   530.45 SEA 31563 25/01/2020 1 573.60 25/01/2020 Text Books  
    Dewey Decimal Classification     Computer Science & Engineering in Cyber Security PIET C-LIBRARY PIET C-LIBRARY 25/01/2020 KIRTI PRAKASHAN NEW DELHI IN Rupees 775.00 IN5959 2 530.45 SEA 31564 09/05/2026 2 573.60 25/01/2020 Text Books 31/01/2026
    Dewey Decimal Classification     Computer Science & Engineering in Cyber Security PIET C-LIBRARY PIET C-LIBRARY 25/01/2020 KIRTI PRAKASHAN NEW DELHI IN Rupees 775.00 IN5959   530.45 SEA 31565 25/01/2020 3 573.60 25/01/2020 Reference Books  

Design & Developed by: PIET Central Library
R70 Miles Stone Pattikalyana Samalkha Panipat 132102
mail ID :- [email protected], Phone No:- 0180-2569700 Ex.216